[Event "Kandidatklassen"]
[Site "Koge"]
[Date "2004.04.11"]
[Round "6"]
[White "Andreasen, Per Naesby"]
[Black "Pedersen, Jan Nordenbaek"]
[Result "1-0"]
[WhiteElo "2266"]
[BlackElo "2219"]
[PlyCount "35"]
[EventDate "2004.04.06"]
[EventType "swiss"]
[EventRounds "7"]
[EventCountry "DEN"]

1. c4 Nc6 2. Nc3 e5 3. e3 Nf6 4. Nf3 Be7 5. d4 exd4 6. Nxd4 Nxd4 7. Qxd4 O-O 8.
Be2 a5 9. O-O Re8 10. b3 Bf8 11. Bb2 Ra6 12. Rad1 Rae6 13. Bf3 b6 14. Nd5 Nxd5
15. Bxd5 Rh6 16. Qf4 Re7 17. Rd4 c6 18. Qxh6 1-0

[Event "Kandidatklassen"]
[Site "Koge"]
[Date "2004.04.11"]
[Round "6"]
[White "Aabling Thomsen, Jakob"]
[Black "Lund, Silas"]
[Result "0-1"]
[WhiteElo "2074"]
[BlackElo "2305"]
[PlyCount "58"]
[EventDate "2004.04.06"]
[EventType "swiss"]
[EventRounds "7"]
[EventCountry "DEN"]

1. c4 f5 2. g3 Nf6 3. Bg2 g6 4. Nc3 Bg7 5. d3 O-O 6. e4 d6 7. exf5 gxf5 8. Nge2
Qe8 9. Bg5 c6 10. Qd2 e5 11. Bh6 Bxh6 12. Qxh6 Be6 13. h3 Na6 14. O-O-O Rd8 15.
g4 Qg6 16. Qe3 fxg4 17. hxg4 Nc5 18. Bf3 Nxg4 19. Bxg4 Bxg4 20. f4 exf4 21.
Nxf4 Qg5 22. Rhf1 Bxd1 23. Kxd1 Rde8 24. Ne4 Nxe4 25. dxe4 Kh8 26. Kc2 Rf6 27.
Qd4 Qe5 28. Kd3 c5 29. Qe3 Ref8 0-1

[Event "Kandidatklassen"]
[Site "Koge"]
[Date "2004.04.11"]
[Round "6"]
[White "Strange, Mikkel"]
[Black "Nielsen, Nicholas Roland"]
[Result "0-1"]
[WhiteElo "2241"]
[BlackElo "2134"]
[PlyCount "72"]
[EventDate "2004.04.06"]
[EventType "swiss"]
[EventRounds "7"]
[EventCountry "DEN"]

1. e4 c5 2. Nf3 Nc6 3. Bb5 g6 4. Bxc6 dxc6 5. O-O Bg4 6. h3 Bxf3 7. Qxf3 e5 8.
d3 Bg7 9. Be3 Qe7 10. a4 Nf6 11. Na3 O-O 12. Nc4 Ne8 13. Rfe1 Nc7 14. a5 Ne6
15. c3 Rfd8 16. Rad1 Rd7 17. Qg3 Qf6 18. Rd2 h5 19. Red1 h4 20. Qg4 Rad8 21.
Qe2 Kh7 22. Rb1 Bh6 23. b4 Bxe3 24. Qxe3 cxb4 25. Rxb4 Nf4 26. Qxa7 b5 27. axb6
Qg5 28. Ne3 Rxa7 29. bxa7 Ra8 30. Ra2 Qe7 31. Rba4 Nxd3 32. Nc4 Qc5 33. Rd2
Rxa7 34. Rxa7 Qxc4 35. Rd7 Nf4 36. Rc7 Qxe4 0-1

[Event "Kandidatklassen"]
[Site "Koge"]
[Date "2004.04.11"]
[Round "6"]
[White "Christensen, Bo Garner"]
[Black "Korolev, Nikolaj"]
[Result "1/2-1/2"]
[WhiteElo "2297"]
[BlackElo "2031"]
[PlyCount "151"]
[EventDate "2004.04.06"]
[EventType "swiss"]
[EventRounds "7"]
[EventCountry "DEN"]

1. d4 Nf6 2. Nf3 e6 3. Bf4 d5 4. Nbd2 c5 5. e3 Be7 6. c3 Qb6 7. Rb1 Bd7 8. Qb3
O-O 9. dxc5 Bxc5 10. Bd3 Re8 11. O-O Nc6 12. e4 dxe4 13. Nxe4 Qxb3 14. axb3
Nxe4 15. Bxe4 f5 16. Bc2 e5 17. Rbd1 Rad8 18. Bg5 Be7 19. b4 a6 20. Bb3+ Kf8
21. Be3 Bc8 22. Bb6 Rxd1 23. Rxd1 g6 24. Ba4 Bf6 25. Nd2 Be6 26. Nb3 Kf7 27.
Nc5 Bc8 28. Nxa6 Bd8 29. Nc7 Bxc7 30. Bxc7 Re7 31. Bd6 Rd7 32. b5 Nd4 33. Bxe5
Nxb5 34. Rxd7+ Bxd7 35. c4 Ke6 36. Bb8 Nd4 37. Bxd7+ Kxd7 38. Kf1 Kc6 39. b4
Nc2 40. Ke2 Nxb4 41. Kd2 Na6 42. Bf4 Nc5 43. Be3 Ne6 44. Kc3 Kd6 45. g3 g5 46.
Bc1 g4 47. Be3 Nd8 48. Kb4 Kc6 49. c5 Ne6 50. Kc4 Nf8 51. Bc1 Nd7 52. Ba3 Ne5+
53. Kd4 Nd7 54. Bb4 Kb5 55. Bd2 Nxc5 56. Be3 Kb4 57. Ke5 b5 58. Kxf5 Nd3 59.
Kxg4 Kc3 60. Kf5 b4 61. Ke4 Kc2 62. f4 b3 63. Bd4 Nc5+ 64. Kd5 Na4 65. Ba1 Nc3+
66. Kc4 Ne4 67. g4 Nf2 68. g5 Nh3 69. f5 Nxg5 70. Kd5 h5 71. f6 h4 72. Ke5 b2
73. Bxb2 Kxb2 74. Kf5 Nh7 75. f7 Kc3 76. Kg4 1/2-1/2

[Event "Kandidatklassen"]
[Site "Koge"]
[Date "2004.04.11"]
[Round "6"]
[White "Skjoldan, Benjamin"]
[Black "Willumsen, Niels Henrik"]
[Result "0-1"]
[WhiteElo "2025"]
[BlackElo "2138"]
[PlyCount "66"]
[EventDate "2004.04.06"]
[EventType "swiss"]
[EventRounds "7"]
[EventCountry "DEN"]

1. c4 e5 2. Nc3 Nc6 3. g3 Nf6 4. Bg2 Bb4 5. Qb3 Ba5 6. e3 O-O 7. Nge2 Re8 8. d3
d6 9. O-O Bd7 10. a3 Rb8 11. Qc2 a6 12. Na4 Ne7 13. b4 Bxa4 14. Qxa4 Bb6 15.
Bb2 h5 16. h4 Nf5 17. Rac1 Ng4 18. c5 dxc5 19. bxc5 Ba7 20. Qe4 Nxh4 21. gxh4
Qxh4 22. Rfe1 Qxf2+ 23. Kh1 Qh4+ 24. Kg1 Re6 25. Qf3 Qh2+ 26. Kf1 Rf6 27. Nf4
Nxe3+ 28. Ke2 Rxf4 29. Bxe5 Qxg2+ 30. Qxg2 Nxg2 31. Bxf4 Nxf4+ 32. Kd2 Rd8 33.
Rc3 Bxc5 0-1

[Event "Kandidatklassen"]
[Site "Koge"]
[Date "2004.04.11"]
[Round "6"]
[White "Mikkelsen, Nikolaj"]
[Black "Rud, Morten Topholm"]
[Result "1-0"]
[WhiteElo "2211"]
[BlackElo "2190"]
[PlyCount "41"]
[EventDate "2004.04.06"]
[EventType "swiss"]
[EventRounds "7"]
[EventCountry "DEN"]

1. e4 e6 2. d4 d5 3. e5 c5 4. c3 Qb6 5. Nf3 Nc6 6. a3 Bd7 7. b4 cxd4 8. cxd4
Rc8 9. Bb2 Na5 10. Nbd2 Nc4 11. Nxc4 dxc4 12. Rc1 a5 13. Nd2 axb4 14. Nxc4 Rxc4
15. Bxc4 bxa3 16. Bc3 Qc6 17. Be2 b5 18. O-O Qb6 19. Rb1 Ne7 20. Qa4 Nd5 21.
Bxb5 1-0

[Event "Kandidatklassen"]
[Site "Koge"]
[Date "2004.04.12"]
[Round "7"]
[White "Damm, Kasper Wilken"]
[Black "Andreasen, Per Naesby"]
[Result "1/2-1/2"]
[WhiteElo "2216"]
[BlackElo "2266"]
[PlyCount "74"]
[EventDate "2004.04.06"]
[EventType "swiss"]
[EventRounds "7"]
[EventCountry "DEN"]

1. e4 g6 2. d4 Bg7 3. c4 d6 4. Nc3 e5 5. dxe5 dxe5 6. Be3 Qxd1+ 7. Rxd1 c6 8.
Be2 Bh6 9. Bxh6 Nxh6 10. Nf3 f6 11. Nd2 Be6 12. b4 a5 13. Rb1 axb4 14. Rxb4 Ra7
15. O-O Nd7 16. Rfb1 Nc5 17. Nb3 Nxb3 18. R1xb3 Bc8 19. Ra4 Rxa4 20. Nxa4 Nf7
21. Nb6 Be6 22. Ra3 Ke7 23. Ra7 Rb8 24. c5 Nd8 25. f3 Bf7 26. Bc4 Bxc4 27. Nxc4
Ne6 28. Na5 Nd8 29. Kf2 Kd7 30. Ke3 Kc7 31. g3 Ne6 32. Nb3 Rd8 33. f4 Kb8 34.
Ra4 Rd1 35. fxe5 fxe5 36. Rb4 Rb1 37. a3 Kc7 1/2-1/2

[Event "Kandidatklassen"]
[Site "Koge"]
[Date "2004.04.12"]
[Round "7"]
[White "Pedersen, Christian Kyndel"]
[Black "Lund, Silas"]
[Result "1-0"]
[WhiteElo "2343"]
[BlackElo "2305"]
[PlyCount "137"]
[EventDate "2004.04.06"]
[EventType "swiss"]
[EventRounds "7"]
[EventCountry "DEN"]

1. Nf3 c5 2. c4 Nf6 3. Nc3 b6 4. g3 Bb7 5. Bg2 g6 6. O-O Bg7 7. d4 cxd4 8. Qxd4
O-O 9. Qh4 Na6 10. Bh6 Rc8 11. b3 Rc5 12. Ng5 Bxg2 13. Kxg2 Qa8+ 14. Kg1 Re8
15. Nd5 Bh8 16. Qf4 Qb8 17. Qf3 b5 18. Rac1 bxc4 19. bxc4 Rc6 20. Rfd1 Nc5 21.
Nxf6+ Rxf6 22. Qe3 d6 23. Rd5 Qc8 24. Rcd1 Qa6 25. Kg2 Qb7 26. f3 Rc8 27. Ne4
Nxe4 28. Qxe4 Qc7 29. c5 Re6 30. cxd6 exd6 31. Qd3 Qc2 32. Rd2 Qxd3 33. R5xd3
Rc6 34. Ra3 Re7 35. Kf2 Be5 36. Be3 a6 37. Rad3 Rd7 38. Rd5 Bc3 39. R2d3 Kf8
40. Bc5 Ke7 41. Re3+ Kd8 42. Rxc3 dxc5 43. Rcxc5 Rxd5 44. Rxd5+ Kc7 45. Ke3 Rc1
46. h4 Rg1 47. Kf4 Rb1 48. Re5 Kd7 49. Ra5 Rb2 50. e4 Rb6 51. h5 Rf6+ 52. Kg4
Kc7 53. h6 Rc6 54. f4 Kd7 55. e5 Ke7 56. Kg5 Kd7 57. Rd5+ Ke7 58. g4 Rc2 59. a4
Rc4 60. a5 Ra4 61. Rc5 Kd7 62. Kf6 Rxf4+ 63. Kg7 Ke7 64. Kxh7 f5 65. exf6+ Kf7
66. g5 Rh4 67. Rc7+ Kf8 68. Kxg6 Rh1 69. Rc8# 1-0

[Event "Kandidatklassen"]
[Site "Koge"]
[Date "2004.04.12"]
[Round "7"]
[White "Pedersen, Jan Nordenbaek"]
[Black "Hansen, Lars"]
[Result "1-0"]
[WhiteElo "2219"]
[BlackElo "2267"]
[PlyCount "61"]
[EventDate "2004.04.06"]
[EventType "swiss"]
[EventRounds "7"]
[EventCountry "DEN"]

1. e4 g6 2. d4 Bg7 3. c4 c5 4. d5 d6 5. Nc3 Nf6 6. Nf3 O-O 7. Be2 e6 8. O-O Re8
9. dxe6 Bxe6 10. Bf4 Nc6 11. Bxd6 Nd4 12. e5 Nd7 13. Re1 Nxe2+ 14. Qxe2 Bg4 15.
Rad1 Qa5 16. Qe4 Bxf3 17. Qxf3 Nxe5 18. Qd5 Rad8 19. Qxb7 Nxc4 20. Bc7 Rxd1 21.
Rxd1 Qb4 22. Qc6 Re6 23. Qa8+ Bf8 24. h3 Qxb2 25. Rd8 Re1+ 26. Kh2 Qxf2 27.
Rxf8+ Kg7 28. Rg8+ Kh6 29. Nd5 Qg1+ 30. Kg3 f5 31. Bf4+ 1-0

[Event "Kandidatklassen"]
[Site "Koge"]
[Date "2004.04.12"]
[Round "7"]
[White "Glud, Jakob Vang"]
[Black "Nielsen, Nicholas Roland"]
[Result "1/2-1/2"]
[WhiteElo "2221"]
[BlackElo "2134"]
[PlyCount "70"]
[EventDate "2004.04.06"]
[EventType "swiss"]
[EventRounds "7"]
[EventCountry "DEN"]

1. d4 Nf6 2. Nc3 d5 3. Bg5 Nbd7 4. e3 h6 5. Bh4 e6 6. Bd3 c5 7. Nf3 b6 8. O-O
Be7 9. Re1 Bb7 10. Bxf6 Nxf6 11. Bb5+ Kf8 12. Ne5 a6 13. Bc6 Bxc6 14. Nxc6 Qc7
15. Nxe7 Kxe7 16. e4 dxe4 17. Nxe4 Nxe4 18. Rxe4 Rhd8 19. Qg4 Rxd4 20. Rxd4
cxd4 21. Qxg7 Qxc2 22. Qxd4 Rd8 23. Qb4+ Ke8 24. h3 Rd2 25. Qxb6 Qxb2 26. Qc6+
Kf8 27. Qc5+ Kg7 28. Re1 Qd4 29. Qxd4+ Rxd4 30. Re2 Rd1+ 31. Kh2 Ra1 32. Kg3 e5
33. Kg4 Kg6 34. Rb2 a5 35. f4 h5+ 1/2-1/2

[Event "Kandidatklassen"]
[Site "Koge"]
[Date "2004.04.12"]
[Round "7"]
[White "Willumsen, Niels Henrik"]
[Black "Aabling Thomsen, Jakob"]
[Result "1-0"]
[WhiteElo "2138"]
[BlackElo "2074"]
[PlyCount "76"]
[EventDate "2004.04.06"]
[EventType "swiss"]
[EventRounds "7"]
[EventCountry "DEN"]

1. e4 c5 2. Nf3 Nc6 3. d4 cxd4 4. Nxd4 g6 5. c4 Bg7 6. Be3 Nf6 7. Nc3 Ng4 8.
Qxg4 Nxd4 9. Qd1 e5 10. Nb5 O-O 11. Qd2 Qh4 12. Bd3 d6 13. O-O-O Qd8 14. h4 a6
15. Nxd4 exd4 16. Bh6 b5 17. h5 Qf6 18. e5 dxe5 19. Bxg7 Qxg7 20. Be4 Be6 21.
Bxa8 Rxa8 22. hxg6 hxg6 23. Rh6 Rc8 24. Rdh1 Rxc4+ 25. Kd1 Qf6 26. Rh8+ Qxh8
27. Rxh8+ Kxh8 28. Qg5 Rc5 29. Qe7 Rd5 30. Qa7 e4 31. Kd2 Kg7 32. Qxa6 d3 33.
b4 Rd4 34. Qxb5 Rc4 35. Kd1 Bg4+ 36. f3 exf3 37. Qxc4 fxg2+ 38. Qxg4 Kf8 1-0

[Event "Kandidatklassen"]
[Site "Koge"]
[Date "2004.04.12"]
[Round "7"]
[White "Christensen, Bo Garner"]
[Black "Strange, Mikkel"]
[Result "1-0"]
[WhiteElo "2297"]
[BlackElo "2241"]
[PlyCount "29"]
[EventDate "2004.04.06"]
[EventType "swiss"]
[EventRounds "7"]
[EventCountry "DEN"]

1. e4 e5 2. Nf3 Nc6 3. Nc3 Nf6 4. Bb5 Bb4 5. O-O O-O 6. d3 d6 7. Bxc6 Bxc3 8.
Bxb7 Bxb2 9. Rb1 Bxb7 10. Rxb2 Qc8 11. Bg5 Nd7 12. Nh4 Kh8 13. Qh5 g6 14. Qh6
d5 15. f4 1-0

[Event "Kandidatklassen"]
[Site "Koge"]
[Date "2004.04.12"]
[Round "7"]
[White "Korolev, Nikolaj"]
[Black "Smedemark, Henrik"]
[Result "1-0"]
[WhiteElo "2031"]
[BlackElo "2081"]
[PlyCount "77"]
[EventDate "2004.04.06"]
[EventType "swiss"]
[EventRounds "7"]
[EventCountry "DEN"]

1. e4 d6 2. d4 Nf6 3. Nc3 c6 4. f3 Qb6 5. Bc4 e6 6. Bb3 d5 7. Nh3 Bb4 8. Nf2 a5
9. a4 Na6 10. O-O Bd7 11. Ne2 Rc8 12. c4 O-O 13. Be3 dxc4 14. Bxc4 c5 15. Nd3
Rfd8 16. b3 cxd4 17. Bxd4 Bc5 18. Nxc5 Nxc5 19. Kh1 e5 20. Bxe5 Bxa4 21. Nd4
Be8 22. Qe1 Ncd7 23. Bxf6 Qxf6 24. Nf5 Ne5 25. Qxa5 Nxc4 26. bxc4 Bd7 27. Ne3
Qd4 28. Nd5 Kf8 29. Rac1 Qc5 30. Qe1 Be6 31. Qh4 Bxd5 32. cxd5 Qe3 33. Rce1 Qd2
34. Rd1 Qe2 35. Rfe1 Qb2 36. d6 Qf6 37. Qxh7 Qh6 38. Qxh6 gxh6 39. Rd5 1-0

[Event "Kandidatklassen"]
[Site "Koge"]
[Date "2004.04.12"]
[Round "7"]
[White "Leimand, Peter Martin"]
[Black "Mikkelsen, Nikolaj"]
[Result "1/2-1/2"]
[WhiteElo "2074"]
[BlackElo "2211"]
[PlyCount "79"]
[EventDate "2004.04.06"]
[EventType "swiss"]
[EventRounds "7"]
[EventCountry "DEN"]

1. e4 c5 2. Nc3 Nc6 3. d3 g6 4. g3 Bg7 5. Bg2 d6 6. f4 Rb8 7. Nf3 b5 8. O-O e6
9. f5 exf5 10. exf5 Bxf5 11. Nh4 Nd4 12. Nxf5 Nxf5 13. Bc6+ Kf8 14. g4 Nd4 15.
Bd5 f5 16. Ne4 Nf6 17. Nxf6 Qxf6 18. c3 b4 19. Bf4 bxc3 20. bxc3 Nb5 21. Rb1
Rb6 22. Rxb5 Rxb5 23. Qa4 Rb4 24. Qxa7 Rxf4 25. Rxf4 Qe7 26. Qa8+ Qe8 27. Ra4
Bxc3 28. gxf5 Bd4+ 29. Kf1 Kg7 30. Qxe8 Rxe8 31. Ra7+ Kf6 32. Rd7 gxf5 33.
Rxd6+ Ke5 34. Rd7 h6 35. a4 Rb8 36. Rb7 Rxb7 37. Bxb7 Bc3 38. Ke2 Kf4 39. Bc8
h5 40. Kf2 1/2-1/2